| 000 | 00660nam a2200277Ia 4500 | ||
|---|---|---|---|
| 001 | Z_6463 | ||
| 003 | CHAP | ||
| 008 | 220113s2013 xx 000 0 und d | ||
| 010 | _a169728 | ||
| 020 | _a978-970-07-7336-0 | ||
| 040 | _cCHAP | ||
| 082 | _a863 R66 V53 | ||
| 100 |
_aRomero, José Rubén, 1890-1952 _9144858 |
||
| 245 |
_aLa vida inútil de Pito Pérez / _cJosé Rubén Romero |
||
| 250 | _a46a ed. | ||
| 260 |
_aMéxico : _b Porrúa, _c2013 |
||
| 300 | _a231 p. | ||
| 503 | _aej.1: consumo | ||
| 650 |
_aNovela mexicana _982025 |
||
| 901 | _a863 R66 V53 | ||
| 902 | _aM | ||
| 910 | _a2013 | ||
| 942 | _c1 | ||
| 942 | _cc1 | ||
| 999 |
_c169728 _d169728 |
||